<?xml version="1.0" encoding="UTF-8"?>
<record
    xmlns:xsi="http://www.w3.org/2001/XMLSchema-instance"
    xsi:schemaLocation="http://www.loc.gov/MARC21/slim http://www.loc.gov/standards/marcxml/schema/MARC21slim.xsd"
    xmlns="http://www.loc.gov/MARC21/slim">

  <leader>00413cam a2200169 a 4500</leader>
  <datafield tag="040" ind1=" " ind2=" ">
    <subfield code="c">DLC</subfield>
  </datafield>
  <datafield tag="082" ind1="0" ind2="0">
    <subfield code="a">631 OUK 2017 C138 Or.</subfield>
  </datafield>
  <datafield tag="245" ind1="0" ind2="2">
    <subfield code="a">A description of crop varieties grown in Mala&#x175;i /</subfield>
  </datafield>
  <datafield tag="250" ind1=" " ind2=" ">
    <subfield code="a">Rev. [ed.].</subfield>
  </datafield>
  <datafield tag="260" ind1=" " ind2=" ">
    <subfield code="a">[Lilongwe] :</subfield>
    <subfield code="b">The Committee,</subfield>
    <subfield code="c">1991.</subfield>
  </datafield>
  <datafield tag="300" ind1=" " ind2=" ">
    <subfield code="a">64 p. ;</subfield>
    <subfield code="c">21 cm.</subfield>
  </datafield>
  <datafield tag="650" ind1=" " ind2="0">
    <subfield code="a">Crops</subfield>
  </datafield>
  <datafield tag="650" ind1=" " ind2="0">
    <subfield code="a">Plant varieties</subfield>
  </datafield>
  <datafield tag="710" ind1="1" ind2=" ">
    <subfield code="a">Malawi.</subfield>
  </datafield>
  <datafield tag="710" ind1="1" ind2=" ">
    <subfield code="a">Malawi.</subfield>
  </datafield>
  <datafield tag="942" ind1=" " ind2=" ">
    <subfield code="c">KB</subfield>
  </datafield>
  <datafield tag="999" ind1=" " ind2=" ">
    <subfield code="c">19710</subfield>
    <subfield code="d">19710</subfield>
  </datafield>
  <datafield tag="952" ind1=" " ind2=" ">
    <subfield code="0">0</subfield>
    <subfield code="1">0</subfield>
    <subfield code="4">0</subfield>
    <subfield code="6">631_000000000000000_OUK_2017_C138_OR</subfield>
    <subfield code="7">0</subfield>
    <subfield code="9">86787</subfield>
    <subfield code="a">LBB</subfield>
    <subfield code="b">LBB</subfield>
    <subfield code="c">B138</subfield>
    <subfield code="d">2021-03-19</subfield>
    <subfield code="e">A063455</subfield>
    <subfield code="o">631 OUK 2017 C138 Or.</subfield>
    <subfield code="r">2021-03-19</subfield>
    <subfield code="y">KB</subfield>
  </datafield>
  <datafield tag="952" ind1=" " ind2=" ">
    <subfield code="0">0</subfield>
    <subfield code="1">0</subfield>
    <subfield code="4">0</subfield>
    <subfield code="6">631_000000000000000_OUK_2017_C138_OR</subfield>
    <subfield code="7">0</subfield>
    <subfield code="9">86788</subfield>
    <subfield code="a">LBB</subfield>
    <subfield code="b">LBB</subfield>
    <subfield code="c">B138</subfield>
    <subfield code="d">2021-03-19</subfield>
    <subfield code="e">A062753</subfield>
    <subfield code="o">631 OUK 2017 C138 Or.</subfield>
    <subfield code="r">2021-03-19</subfield>
    <subfield code="y">KB</subfield>
  </datafield>
  <datafield tag="952" ind1=" " ind2=" ">
    <subfield code="0">0</subfield>
    <subfield code="1">0</subfield>
    <subfield code="4">0</subfield>
    <subfield code="6">631_000000000000000_OUK_2017_C138_OR</subfield>
    <subfield code="7">0</subfield>
    <subfield code="9">86789</subfield>
    <subfield code="a">LBB</subfield>
    <subfield code="b">LBB</subfield>
    <subfield code="c">B138</subfield>
    <subfield code="d">2021-03-19</subfield>
    <subfield code="e">A062781</subfield>
    <subfield code="o">631 OUK 2017 C138 Or.</subfield>
    <subfield code="r">2021-03-19</subfield>
    <subfield code="y">KB</subfield>
  </datafield>
  <datafield tag="952" ind1=" " ind2=" ">
    <subfield code="0">0</subfield>
    <subfield code="1">0</subfield>
    <subfield code="4">0</subfield>
    <subfield code="6">631_000000000000000_OUK_2017_C138_OR</subfield>
    <subfield code="7">0</subfield>
    <subfield code="9">86790</subfield>
    <subfield code="a">LBB</subfield>
    <subfield code="b">LBB</subfield>
    <subfield code="c">B138</subfield>
    <subfield code="d">2021-03-19</subfield>
    <subfield code="e">A064761</subfield>
    <subfield code="o">631 OUK 2017 C138 Or.</subfield>
    <subfield code="r">2021-03-19</subfield>
    <subfield code="y">KB</subfield>
  </datafield>
</record>
